Konštrukcia webovej edukačnej pomôcky pri investovaní vo frameworku bakalárska práca

Gespeichert in:
Bibliographische Detailangaben
1. Verfasser: Kalník, Matúš
Körperschaft: Fakulta hospodárskej informatiky EU. Katedra operačného výskumu a ekonometrie
Weitere Verfasser: Martinus, Richard, 1999-
Format: Buch
Sprache:Slowakisch
Veröffentlicht: Bratislava 2025
Tags: Tag hinzufügen
Keine Tags, Fügen Sie das erste Tag hinzu!

MARC

LEADER 00000nbm a2200000 4500
001 0312311
005 20260318091742.6
041 0 |a slo 
044 |a SK 
245 1 0 |a Konštrukcia webovej edukačnej pomôcky pri investovaní vo frameworku  |b bakalárska práca  |c Matúš Kalník ; školiteľ: Richard Martinus 
264 1 |a Bratislava  |c 2025 
300 |a 59 s. 
100 1 |a Kalník, Matúš 
700 1 |a Martinus, Richard, 1999- 
710 2 |a Fakulta hospodárskej informatiky EU. Katedra operačného výskumu a ekonometrie